000 00328nam a2200133Ia 4500
100 _aChirlian/Paul M
942 _cRB
654 _adesign
245 _aAnalysis and design of Integrated electronic circuits
260 _bHarper and Row pub.
_aNew York
_c1981
082 _a621.38173
_bCHI
300 _a1072
546 _aENGLISH
999 _c23078
_d23078